|
|
|
|
| LEADER |
01748nam a2200421 i 4500 |
| 001 |
EBC4605565 |
| 003 |
MiAaPQ |
| 005 |
20200520144314.0 |
| 006 |
m o d | |
| 007 |
cr cnu|||||||| |
| 008 |
160826s2016 quc o 001 0 eng|d |
| 020 |
|
|
|z 9780773546998
|
| 020 |
|
|
|a 9780773598782
|q (electronic bk.)
|
| 035 |
|
|
|a (MiAaPQ)EBC4605565
|
| 035 |
|
|
|a (Au-PeEL)EBL4605565
|
| 035 |
|
|
|a (CaPaEBR)ebr11242898
|
| 035 |
|
|
|a (CaONFJC)MIL941404
|
| 035 |
|
|
|a (OCoLC)943563765
|
| 040 |
|
|
|a MiAaPQ
|b eng
|e rda
|e pn
|c MiAaPQ
|d MiAaPQ
|
| 050 |
|
4 |
|a HC115
|b .S83 2016
|
| 245 |
0 |
0 |
|a Subsistence under capitalism :
|b historical and contemporary perspectives /
|c edited by James Murton, Dean Bavington, and Carly Dokis.
|
| 264 |
|
1 |
|a Montreal :
|b McGill-Queen's University Press,
|c 2016.
|
| 300 |
|
|
|a 1 online resource (281 pages)
|
| 336 |
|
|
|a text
|2 rdacontent
|
| 337 |
|
|
|a computer
|2 rdamedia
|
| 338 |
|
|
|a online resource
|2 rdacarrier
|
| 490 |
1 |
|
|a McGill-Queen's rural, wildland, and resource studies series ;
|v 4
|
| 500 |
|
|
|a Includes index.
|
| 588 |
|
|
|a Description based on online resource; title from PDF title page (ebrary, viewed August 26, 2016).
|
| 590 |
|
|
|a Electronic reproduction. Ann Arbor, MI : ProQuest, 2016. Available via World Wide Web. Access may be limited to ProQuest affiliated libraries.
|
| 650 |
|
0 |
|a Subsistence economy
|z Canada.
|
| 650 |
|
0 |
|a Local foods
|x Economic aspects
|z Canada.
|
| 650 |
|
0 |
|a Capitalism
|z Canada.
|
| 651 |
|
0 |
|a Canada
|x Economic conditions.
|
| 655 |
|
4 |
|a Electronic books.
|
| 797 |
2 |
|
|a ProQuest (Firm)
|
| 830 |
|
0 |
|a McGill-Queen's rural, wildland, and resource studies series ;
|v v. 4.
|
| 856 |
4 |
0 |
|u https://ebookcentral.proquest.com/lib/matrademy/detail.action?docID=4605565
|z Click to View
|